[Event "Olomouc Chess Summer 2022 - D"]
[Site "Olomouc (CZE), Hotel Flora"]
[Date "2022.08.16"]
[Round "5"]
[Board "8"]
[White "Vrana, Frantisek"]
[Black "Musil, Vitezslav"]
[Result "1-0"]
[WhiteElo "2214"]
[BlackElo "1857"]
[PlyCount "0"]
[EventDate "2022.08.13"]
[EventRounds "9"]
[EventCountry "CZE"]

1. e4 {[%clk 1:30:55]} e6 {[%clk 1:29:32]} 2. d3 {[%clk 1:30:36]} c5
{[%clk 1:29:57]} 3. Nf3 {[%clk 1:30:57]} Nc6 {[%clk 1:30:11]} 4. g3
{[%clk 1:31:21]} d6 {[%clk 1:30:02]} 5. Bg2 {[%clk 1:31:45]} g6 {[%clk 1:30:29]}
6. h4 {[%clk 1:31:50]} h5 {[%clk 1:28:43]} 7. Bg5 {[%clk 1:32:07]} Qb6
{[%clk 1:24:57]} 8. Qc1 {[%clk 1:28:28]} Bg7 {[%clk 1:24:52]} 9. c3
{[%clk 1:28:51]} Nge7 {[%clk 1:19:38]} 10. O-O {[%clk 1:27:42]} e5
{[%clk 1:17:42]} 11. Nfd2 {[%clk 1:27:34]} Be6 {[%clk 1:16:51]} 12. Nc4
{[%clk 1:27:48]} Qc7 {[%clk 1:16:59]} 13. Ne3 {[%clk 1:26:57]} f6
{[%clk 1:12:59]} 14. Nd5 {[%clk 1:27:08]} Bxd5 {[%clk 1:13:25]} 15. exd5
{[%clk 1:27:32]} Nd8 {[%clk 1:13:48]} 16. Bd2 {[%clk 1:27:23]} Nf7
{[%clk 1:12:40]} 17. a4 {[%clk 1:22:18]} O-O {[%clk 1:11:15]} 18. Na3
{[%clk 1:22:40]} a6 {[%clk 1:11:01]} 19. Nc4 {[%clk 1:21:36]} Rae8
{[%clk 1:08:24]} 20. a5 {[%clk 1:22:06]} Nc8 {[%clk 1:08:43]} 21. Qc2
{[%clk 1:18:04]} f5 {[%clk 1:08:47]} 22. Rfb1 {[%clk 1:13:34]} Qe7
{[%clk 1:02:57]} 23. Qc1 {[%clk 1:12:13]} Kh7 {[%clk 1:00:04]} 24. b4
{[%clk 1:12:29]} cxb4 {[%clk 0:58:33]} 25. Rxb4 {[%clk 1:12:49]} f4
{[%clk 0:57:49]} 26. Rab1 {[%clk 1:10:52]} fxg3 {[%clk 0:56:02]} 27. fxg3
{[%clk 1:11:19]} Nd8 {[%clk 0:55:43]} 28. Be3 {[%clk 1:07:56]} Qd7
{[%clk 0:45:24]} 29. Kh2 {[%clk 1:07:52]} Qc7 {[%clk 0:36:54]} 30. R1b2
{[%clk 0:46:12]} Rf7 {[%clk 0:26:40]} 31. Bh3 {[%clk 0:41:41]} Bf8
{[%clk 0:24:35]} 32. Nd2 {[%clk 0:41:29]} Kh8 {[%clk 0:17:45]} 33. Rc4
{[%clk 0:40:58]} Qxa5 {[%clk 0:17:13]} 34. Rxc8 {[%clk 0:40:42]} Qxd5
{[%clk 0:16:28]} 35. Ne4 {[%clk 0:38:38]} Qxd3 {[%clk 0:13:51]} 36. Ng5
{[%clk 0:38:49]} Rfe7 {[%clk 0:12:13]} 37. Rf2 {[%clk 0:38:41]} Qd5
{[%clk 0:08:50]} 38. Bb6 {[%clk 0:35:56]}  1-0

[Event "Olomouc Chess Summer 2022 - D"]
[Site "Olomouc (CZE), Hotel Flora"]
[Date "2022.08.16"]
[Round "5"]
[Board "9"]
[White "Fiala, Jiri"]
[Black "Johnsen, Gunnar"]
[Result "0-1"]
[WhiteElo "1853"]
[BlackElo "2137"]
[PlyCount "0"]
[EventDate "2022.08.13"]
[EventRounds "9"]
[EventCountry "CZE"]

1. d4 {[%clk 1:30:59]} e6 {[%clk 1:30:40]} 2. Bf4 {[%clk 1:31:10]} f5
{[%clk 1:31:01]} 3. e3 {[%clk 1:31:24]} Nf6 {[%clk 1:31:25]} 4. Bd3
{[%clk 1:31:46]} b6 {[%clk 1:30:33]} 5. h3 {[%clk 1:24:00]} Bb7 {[%clk 1:30:13]}
6. Nf3 {[%clk 1:24:24]} Be7 {[%clk 1:25:17]} 7. Nbd2 {[%clk 1:22:14]} O-O
{[%clk 1:24:44]} 8. c3 {[%clk 1:21:58]} c5 {[%clk 1:20:47]} 9. Qc2
{[%clk 1:17:59]} Nc6 {[%clk 1:20:00]} 10. dxc5 {[%clk 1:13:17]} bxc5
{[%clk 1:19:25]} 11. Rg1 {[%clk 1:12:20]} d5 {[%clk 1:17:37]} 12. g4
{[%clk 1:10:54]} Ne4 {[%clk 1:17:42]} 13. gxf5 {[%clk 1:10:24]} exf5
{[%clk 1:17:20]} 14. Be2 {[%clk 1:06:33]} Bf6 {[%clk 1:14:27]} 15. Nxe4
{[%clk 1:04:51]} fxe4 {[%clk 1:14:14]} 16. Nd2 {[%clk 1:02:06]} Qe7
{[%clk 1:09:32]} 17. O-O-O {[%clk 0:58:21]} Ne5 {[%clk 0:35:37]} 18. f3
{[%clk 0:55:03]} Ng6 {[%clk 0:31:13]} 19. Bg3 {[%clk 0:49:29]} exf3
{[%clk 0:30:29]} 20. Bxf3 {[%clk 0:49:48]} Rad8 {[%clk 0:26:59]} 21. Rde1
{[%clk 0:48:03]} Kh8 {[%clk 0:24:06]} 22. Bg4 {[%clk 0:41:52]} Bc8
{[%clk 0:18:19]} 23. Bh5 {[%clk 0:37:51]} Ne5 {[%clk 0:17:41]} 24. Be2
{[%clk 0:37:38]} Bh4 {[%clk 0:16:39]} 25. Bd3 {[%clk 0:33:13]} Nxd3+
{[%clk 0:15:45]} 26. Qxd3 {[%clk 0:33:34]} Bf5 {[%clk 0:15:14]} 27. Qe2
{[%clk 0:33:57]} Bxg3 {[%clk 0:14:47]} 28. Rxg3 {[%clk 0:34:20]} Qh4
{[%clk 0:13:17]} 29. Reg1 {[%clk 0:33:39]} g6 {[%clk 0:12:55]} 30. b3
{[%clk 0:33:57]} Rfe8 {[%clk 0:12:47]} 31. Kb2 {[%clk 0:33:24]} Qf6
{[%clk 0:11:32]} 32. Qf3 {[%clk 0:30:31]} d4 {[%clk 0:10:38]} 33. Nc4
{[%clk 0:30:32]} dxc3+ {[%clk 0:10:40]} 34. Kc1 {[%clk 0:30:26]} c2
{[%clk 0:09:36]} 35. Nb2 {[%clk 0:30:30]} Qc3 {[%clk 0:09:10]} 36. Qe2
{[%clk 0:29:57]} Rd1+ {[%clk 0:09:09]}  0-1

[Event "Olomouc Chess Summer 2022 - D"]
[Site "Olomouc (CZE), Hotel Flora"]
[Date "2022.08.16"]
[Round "5"]
[Board "10"]
[White "Pospisil, Evzen"]
[Black "Sedlak, Ludek"]
[Result "1-0"]
[WhiteElo "2045"]
[BlackElo "1852"]
[PlyCount "0"]
[EventDate "2022.08.13"]
[EventRounds "9"]
[EventCountry "CZE"]

1. d4 {[%clk 1:30:57]} Nf6 {[%clk 1:30:46]} 2. Nf3 {[%clk 1:31:23]} g6
{[%clk 1:31:06]} 3. c4 {[%clk 1:31:48]} Bg7 {[%clk 1:31:26]} 4. g3
{[%clk 1:32:12]} d6 {[%clk 1:31:45]} 5. Bg2 {[%clk 1:32:37]} O-O {[%clk 1:32:08]}
6. O-O {[%clk 1:32:55]} c5 {[%clk 1:26:18]} 7. Nc3 {[%clk 1:31:56]} Nbd7
{[%clk 1:17:36]} 8. b3 {[%clk 1:29:29]} Rb8 {[%clk 1:13:26]} 9. Bb2
{[%clk 1:25:26]} a6 {[%clk 1:12:55]} 10. a4 {[%clk 1:23:45]} b6 {[%clk 1:13:02]}
11. Re1 {[%clk 1:18:55]} Bb7 {[%clk 1:06:31]} 12. e4 {[%clk 1:16:44]} cxd4
{[%clk 0:56:36]} 13. Nxd4 {[%clk 1:17:04]} Ne5 {[%clk 0:56:48]} 14. f4
{[%clk 1:09:49]} Ned7 {[%clk 0:56:43]} 15. e5 {[%clk 0:55:16]} dxe5
{[%clk 0:50:20]} 16. fxe5 {[%clk 0:53:12]} Nh5 {[%clk 0:46:05]} 17. Bxb7
{[%clk 0:46:50]} Rxb7 {[%clk 0:46:18]} 18. Nc6 {[%clk 0:46:13]} Qc7
{[%clk 0:45:32]} 19. Nxe7+ {[%clk 0:45:56]} Kh8 {[%clk 0:45:53]} 20. Ncd5
{[%clk 0:45:26]} Qb8 {[%clk 0:45:21]} 21. g4 {[%clk 0:42:52]} Nxe5
{[%clk 0:44:09]} 22. gxh5 {[%clk 0:38:56]} Nf3+ {[%clk 0:44:26]} 23. Qxf3
{[%clk 0:39:22]} Bxb2 {[%clk 0:44:48]} 24. Rad1 {[%clk 0:39:15]}  1-0

[Event "Olomouc Chess Summer 2022 - D"]
[Site "Olomouc (CZE), Hotel Flora"]
[Date "2022.08.16"]
[Round "5"]
[Board "11"]
[White "Jerman, Richard"]
[Black "Huncar, Martin"]
[Result "1/2-1/2"]
[WhiteElo "2038"]
[BlackElo "1841"]
[PlyCount "0"]
[EventDate "2022.08.13"]
[EventRounds "9"]
[EventCountry "CZE"]

1. e4 {[%clk 1:30:58]} c5 {[%clk 1:30:55]} 2. Nc3 {[%clk 1:31:24]} Nc6
{[%clk 1:31:12]} 3. Nge2 {[%clk 1:31:50]} e6 {[%clk 1:30:43]} 4. d4
{[%clk 1:32:15]} cxd4 {[%clk 1:30:37]} 5. Nxd4 {[%clk 1:32:39]} Nf6
{[%clk 1:29:41]} 6. Nxc6 {[%clk 1:26:51]} bxc6 {[%clk 1:30:07]} 7. e5
{[%clk 1:26:31]} Nd5 {[%clk 1:29:42]} 8. Nxd5 {[%clk 1:24:25]} cxd5
{[%clk 1:29:25]} 9. Be3 {[%clk 1:24:19]} Rb8 {[%clk 1:22:03]} 10. Bd4
{[%clk 1:19:29]} Qa5+ {[%clk 1:11:46]} 11. Qd2 {[%clk 1:18:26]} Bb4
{[%clk 1:06:55]} 12. c3 {[%clk 1:18:47]} Bc5 {[%clk 1:03:11]} 13. Bxc5
{[%clk 1:18:50]} Qxc5 {[%clk 1:03:27]} 14. O-O-O {[%clk 1:11:12]} O-O
{[%clk 0:58:40]} 15. Qd4 {[%clk 1:03:45]} Qa5 {[%clk 0:54:08]} 16. Kb1
{[%clk 1:03:46]} Rb6 {[%clk 0:51:25]} 17. h4 {[%clk 1:00:00]} Ba6
{[%clk 0:51:19]} 18. Bxa6 {[%clk 0:52:30]} Rxa6 {[%clk 0:50:16]} 19. a3
{[%clk 0:51:23]} Rb8 {[%clk 0:50:05]} 20. Ka2 {[%clk 0:50:22]} Qb5
{[%clk 0:37:43]} 21. Rd2 {[%clk 0:50:17]} Ra4 {[%clk 0:36:43]} 22. Qd3
{[%clk 0:46:49]} Qb3+ {[%clk 0:24:38]} 23. Ka1 {[%clk 0:47:01]} Re4
{[%clk 0:23:46]} 24. Re2 {[%clk 0:44:14]} Rxe5 {[%clk 0:23:23]} 25. Qc2
{[%clk 0:42:43]} Qxc2 {[%clk 0:21:24]} 26. Rxc2 {[%clk 0:43:11]} Re4
{[%clk 0:20:53]} 27. Rd2 {[%clk 0:41:53]} Rc8 {[%clk 0:20:42]} 28. g3
{[%clk 0:41:48]} Kf8 {[%clk 0:19:45]} 29. Rc1 {[%clk 0:40:03]} Ke7
{[%clk 0:17:56]} 30. Rcd1 {[%clk 0:37:42]} Rcc4 {[%clk 0:16:58]} 31. Rd3
{[%clk 0:36:07]} Re2 {[%clk 0:15:15]} 32. f3 {[%clk 0:34:27]} Rg2
{[%clk 0:13:12]} 33. g4 {[%clk 0:34:18]} Rh2 {[%clk 0:11:40]} 34. h5
{[%clk 0:34:23]} Rf2 {[%clk 0:09:08]} 35. Re3 {[%clk 0:34:40]} Kf6
{[%clk 0:08:47]} 36. b4 {[%clk 0:31:42]} a6 {[%clk 0:06:54]} 37. Rd4
{[%clk 0:29:56]} Ke7 {[%clk 0:03:57]} 38. Rxd5 {[%clk 0:28:37]} Rxc3
{[%clk 0:02:03]} 39. Rxd7+ {[%clk 0:28:23]} Kxd7 {[%clk 0:02:31]} 40. Rxc3
 1/2-1/2

[Event "Olomouc Chess Summer 2022 - D"]
[Site "Olomouc (CZE), Hotel Flora"]
[Date "2022.08.16"]
[Round "5"]
[Board "12"]
[White "Heppell, Ian N"]
[Black "Bartos, Alois"]
[Result "1/2-1/2"]
[WhiteElo "2031"]
[BlackElo "1843"]
[PlyCount "0"]
[EventDate "2022.08.13"]
[EventRounds "9"]
[EventCountry "CZE"]

1. e4 {[%clk 1:30:55]} c5 {[%clk 1:30:51]} 2. Nc3 {[%clk 1:31:09]} g6
{[%clk 1:30:52]} 3. f4 {[%clk 1:30:57]} Bg7 {[%clk 1:31:15]} 4. Nf3
{[%clk 1:31:17]} e6 {[%clk 1:31:33]} 5. g3 {[%clk 1:29:39]} Nc6 {[%clk 1:31:54]}
6. Bg2 {[%clk 1:29:55]} d6 {[%clk 1:32:14]} 7. O-O {[%clk 1:29:49]} Nge7
{[%clk 1:32:36]} 8. d3 {[%clk 1:29:40]} O-O {[%clk 1:32:58]} 9. g4
{[%clk 1:23:19]} f5 {[%clk 1:22:52]} 10. gxf5 {[%clk 1:22:24]} exf5
{[%clk 1:22:16]} 11. Qe1 {[%clk 1:18:39]} Nd4 {[%clk 1:16:10]} 12. Nxd4
{[%clk 1:18:12]} Bxd4+ {[%clk 1:12:38]} 13. Kh1 {[%clk 1:14:31]} Rb8
{[%clk 1:07:05]} 14. Ne2 {[%clk 1:12:44]} Bg7 {[%clk 1:07:07]} 15. c3
{[%clk 1:03:51]} b5 {[%clk 1:05:12]} 16. Bd2 {[%clk 1:02:23]} c4 {[%clk 1:03:12]}
17. d4 {[%clk 1:01:20]} fxe4 {[%clk 0:58:42]} 18. Bxe4 {[%clk 1:01:35]} Bb7
{[%clk 0:50:19]} 19. Ng3  1/2-1/2

[Event "Olomouc Chess Summer 2022 - D"]
[Site "Olomouc (CZE), Hotel Flora"]
[Date "2022.08.16"]
[Round "5"]
[Board "13"]
[White "Kastner, Oldrich"]
[Black "Lemsom, Nico"]
[Result "1-0"]
[WhiteElo "2006"]
[BlackElo "1830"]
[PlyCount "0"]
[EventDate "2022.08.13"]
[EventRounds "9"]
[EventCountry "CZE"]

1. d4 {[%clk 1:30:54]} Nf6 {[%clk 1:30:50]} 2. Bf4 {[%clk 1:30:33]} d5
{[%clk 1:30:00]} 3. e3 {[%clk 1:30:45]} e6 {[%clk 1:29:30]} 4. c4
{[%clk 1:28:20]} c6 {[%clk 1:26:18]} 5. Nc3 {[%clk 1:28:06]} Bb4 {[%clk 1:24:33]}
6. a3 {[%clk 1:22:38]} Bxc3+ {[%clk 1:20:51]} 7. bxc3 {[%clk 1:22:59]} O-O
{[%clk 1:21:17]} 8. Nf3 {[%clk 1:19:32]} Nbd7 {[%clk 1:19:55]} 9. Bd3
{[%clk 1:15:37]} Re8 {[%clk 1:14:32]} 10. O-O {[%clk 1:11:22]} dxc4
{[%clk 1:13:32]} 11. Bxc4 {[%clk 1:11:16]} Nd5 {[%clk 1:12:58]} 12. Qd3
{[%clk 0:54:29]} Qa5 {[%clk 1:06:17]} 13. Bxd5 {[%clk 0:47:58]} exd5
{[%clk 1:06:12]} 14. Ng5 {[%clk 0:46:51]} Nf6 {[%clk 1:03:19]} 15. Be5
{[%clk 0:42:22]} Ne4 {[%clk 1:02:30]} 16. Nxe4 {[%clk 0:41:51]} dxe4
{[%clk 1:01:28]} 17. Qxe4 {[%clk 0:38:31]} Qxc3 {[%clk 0:48:22]} 18. Qf4
{[%clk 0:35:05]} f6 {[%clk 0:40:47]} 19. Bd6 {[%clk 0:34:05]} Qa5
{[%clk 0:40:01]} 20. e4 {[%clk 0:30:58]} Qd8 {[%clk 0:34:09]} 21. Rfe1
{[%clk 0:27:36]} Qd7 {[%clk 0:30:33]} 22. h3 {[%clk 0:25:33]} Qf7
{[%clk 0:29:38]} 23. Re3 {[%clk 0:23:10]} Be6 {[%clk 0:27:55]} 24. Rg3
{[%clk 0:22:28]} Rad8 {[%clk 0:26:31]} 25. Rd1 {[%clk 0:19:18]} Kh8
{[%clk 0:23:55]} 26. Rf3 {[%clk 0:18:19]} Qd7 {[%clk 0:24:00]} 27. Bc7
{[%clk 0:17:25]} Rc8 {[%clk 0:24:05]} 28. Ba5 {[%clk 0:17:38]} b6
{[%clk 0:23:21]} 29. Bc3 {[%clk 0:17:48]} Bb3 {[%clk 0:21:46]} 30. Rd2
{[%clk 0:17:48]} Qe7 {[%clk 0:21:55]} 31. Re3 {[%clk 0:16:09]} Bc4
{[%clk 0:20:40]} 32. d5 {[%clk 0:15:08]} cxd5 {[%clk 0:19:12]} 33. exd5
{[%clk 0:14:59]} Qf7 {[%clk 0:19:23]} 34. d6 {[%clk 0:10:04]} Rxe3
{[%clk 0:18:01]} 35. Qxe3 {[%clk 0:10:16]} Qe6 {[%clk 0:13:43]} 36. Qf4
{[%clk 0:07:06]} Bb5 {[%clk 0:10:19]} 37. Qd4 {[%clk 0:06:18]} Rd8
{[%clk 0:09:04]} 38. Rd1 {[%clk 0:05:22]} h6 {[%clk 0:04:55]} 39. a4
{[%clk 0:04:25]} Bc6 {[%clk 0:04:25]} 40. f3 {[%clk 0:01:58]} Kg8
{[%clk 0:04:31]} 41. a5 {[%clk 0:01:07]} bxa5 {[%clk 0:04:10]} 42. Bxa5
{[%clk 0:29:00]} Rd7 {[%clk 0:34:34]} 43. Qc5 {[%clk 0:26:11]} Bb7
{[%clk 0:31:55]} 44. Qxa7 {[%clk 0:21:04]} Rxd6 {[%clk 0:24:29]} 45. Qb8+
{[%clk 0:20:03]}  1-0

[Event "Olomouc Chess Summer 2022 - D"]
[Site "Olomouc (CZE), Hotel Flora"]
[Date "2022.08.16"]
[Round "5"]
[Board "14"]
[White "Kudrlicka, Ladislav"]
[Black "Tomanek, Rafael"]
[Result "1-0"]
[WhiteElo "2003"]
[BlackElo "1828"]
[PlyCount "0"]
[EventDate "2022.08.13"]
[EventRounds "9"]
[EventCountry "CZE"]

1. d4 {[%clk 1:30:55]} Nf6 {[%clk 1:30:56]} 2. Nf3 {[%clk 1:31:11]} e6
{[%clk 1:31:20]} 3. Bg5 {[%clk 1:31:17]} b6 {[%clk 1:30:45]} 4. Nbd2
{[%clk 1:31:26]} Be7 {[%clk 1:30:43]} 5. e4 {[%clk 1:31:00]} h6 {[%clk 1:25:57]}
6. Bh4 {[%clk 1:31:06]} Bb7 {[%clk 1:23:46]} 7. Bd3 {[%clk 1:30:44]} d6
{[%clk 1:21:35]} 8. Qe2 {[%clk 1:28:57]} Nbd7 {[%clk 1:14:47]} 9. O-O
{[%clk 1:27:51]} O-O {[%clk 1:14:33]} 10. c3 {[%clk 1:18:58]} Re8
{[%clk 1:08:58]} 11. Rad1 {[%clk 1:10:56]} c5 {[%clk 0:59:10]} 12. e5
{[%clk 1:05:57]} Nh7 {[%clk 0:51:34]} 13. Bxe7 {[%clk 0:54:20]} Qxe7
{[%clk 0:51:38]} 14. Ne4 {[%clk 0:53:44]} c4 {[%clk 0:42:05]} 15. Bc2
{[%clk 0:42:48]} Bxe4 {[%clk 0:42:03]} 16. Bxe4 {[%clk 0:34:58]} d5
{[%clk 0:42:06]} 17. Bb1 {[%clk 0:34:58]} b5 {[%clk 0:41:21]} 18. a3
{[%clk 0:34:48]} a5 {[%clk 0:41:35]} 19. Ne1 {[%clk 0:31:26]} b4 {[%clk 0:41:14]}
20. axb4 axb4 21. f4 {[%clk 0:30:36]} bxc3 {[%clk 0:34:35]} 22. bxc3
{[%clk 0:31:03]} f5 {[%clk 0:34:15]} 23. exf6 {[%clk 0:30:27]} Nhxf6
{[%clk 0:31:41]} 24. Nf3 {[%clk 0:30:18]} Ra3 {[%clk 0:31:23]} 25. Rc1
{[%clk 0:30:39]} Nf8 {[%clk 0:27:24]} 26. Ne5 {[%clk 0:28:50]} Qa7
{[%clk 0:19:16]} 27. g4 {[%clk 0:28:31]} N6d7 {[%clk 0:14:32]} 28. g5
{[%clk 0:23:59]} Nxe5 {[%clk 0:14:22]} 29. Qxe5 {[%clk 0:24:27]} hxg5
{[%clk 0:07:41]} 30. fxg5 {[%clk 0:18:11]} Qb8 {[%clk 0:07:41]} 31. Qe2
{[%clk 0:08:25]} e5 {[%clk 0:07:56]} 32. Qf3 {[%clk 0:07:08]} e4 {[%clk 0:05:54]}
33. Qf7+ {[%clk 0:06:41]} Kh8 {[%clk 0:03:53]} 34. Qxd5 {[%clk 0:04:24]} e3
{[%clk 0:03:58]} 35. Rf3 {[%clk 0:03:17]} g6 {[%clk 0:03:40]} 36. Qf7
{[%clk 0:01:05]} Qc8 {[%clk 0:03:18]} 37. Bf5 {[%clk 0:00:47]}  1-0

[Event "Olomouc Chess Summer 2022 - D"]
[Site "Olomouc (CZE), Hotel Flora"]
[Date "2022.08.16"]
[Round "5"]
[Board "15"]
[White "Marek, Jiri"]
[Black "Zidu, Jan"]
[Result "1/2-1/2"]
[WhiteElo "1909"]
[BlackElo "1815"]
[PlyCount "0"]
[EventDate "2022.08.13"]
[EventRounds "9"]
[EventCountry "CZE"]

1. e4 {[%clk 1:30:55]} c6 {[%clk 1:30:50]} 2. d4 {[%clk 1:31:05]} d5
{[%clk 1:31:18]} 3. e5 {[%clk 1:31:27]} Bf5 {[%clk 1:31:35]} 4. Ne2
{[%clk 1:32:09]} e6 {[%clk 1:32:13]} 5. Ng3 {[%clk 1:31:56]} Bg6 {[%clk 1:32:32]}
6. h4 {[%clk 1:32:24]} h5 {[%clk 1:32:50]} 7. Be2 {[%clk 1:32:10]} c5
{[%clk 1:25:43]} 8. c3 {[%clk 1:30:18]} Nc6 {[%clk 1:21:02]} 9. Be3
{[%clk 1:25:03]} cxd4 {[%clk 1:20:56]} 10. Bxd4 {[%clk 1:24:58]} Bxb1
{[%clk 1:13:57]} 11. Rxb1 {[%clk 1:24:21]} g6 {[%clk 1:14:19]} 12. b4
{[%clk 1:23:29]} Be7 {[%clk 1:00:27]} 13. b5 {[%clk 1:20:04]} Nxd4
{[%clk 1:00:13]} 14. Qxd4 {[%clk 1:19:44]} Nh6 {[%clk 0:58:46]} 15. a4
{[%clk 1:17:44]} O-O {[%clk 0:58:13]} 16. Rh3 {[%clk 1:12:53]} f5
{[%clk 0:49:19]} 17. Qf4 {[%clk 1:06:22]} Kh7 {[%clk 0:47:34]} 18. Nf1
{[%clk 1:03:05]} Qc7 {[%clk 0:46:49]} 19. Nd2 {[%clk 0:59:38]} Ng4
{[%clk 0:43:37]} 20. Nf3 {[%clk 0:58:39]} Qxc3+ {[%clk 0:42:54]} 21. Kf1
{[%clk 0:58:19]} Qc5 {[%clk 0:41:14]} 22. Nd4 {[%clk 0:48:00]} Qc8
{[%clk 0:39:31]} 23. Rc1 {[%clk 0:43:42]} Qd7 {[%clk 0:40:00]} 24. Rhc3
{[%clk 0:40:59]} Rac8 {[%clk 0:38:18]} 25. f3 {[%clk 0:38:02]} Nh6
{[%clk 0:36:40]} 26. g3 {[%clk 0:35:59]} Nf7 {[%clk 0:32:27]} 27. Kg2
{[%clk 0:33:23]} Rxc3 {[%clk 0:31:12]} 28. Rxc3 {[%clk 0:33:50]} Rc8
{[%clk 0:26:25]} 29. Qc1 {[%clk 0:32:54]} Rxc3 {[%clk 0:26:10]} 30. Qxc3
{[%clk 0:33:21]} Bd8 {[%clk 0:19:50]} 31. f4 {[%clk 0:33:13]} Bb6
{[%clk 0:18:16]} 32. Qb4 {[%clk 0:28:18]} Bxd4 {[%clk 0:16:51]} 33. Qxd4
{[%clk 0:23:31]} b6 {[%clk 0:17:21]} 34. Qc3 {[%clk 0:21:18]} Nd8
{[%clk 0:17:32]} 35. Kh3 {[%clk 0:20:34]} Kg8 {[%clk 0:17:10]} 36. a5
{[%clk 0:19:05]} Kf7 {[%clk 0:16:57]} 37. a6 {[%clk 0:18:13]} Ke8
{[%clk 0:15:21]} 38. Qc2 {[%clk 0:16:26]} Nf7 {[%clk 0:09:00]} 39. Qc3
{[%clk 0:12:43]} Kd8 {[%clk 0:08:47]} 40. Kg2  1/2-1/2

[Event "Olomouc Chess Summer 2022 - D"]
[Site "Olomouc (CZE), Hotel Flora"]
[Date "2022.08.16"]
[Round "5"]
[Board "16"]
[White "Dvorak, Vladimir"]
[Black "Fiser, Milos"]
[Result "1-0"]
[WhiteElo "1900"]
[BlackElo "1789"]
[PlyCount "0"]
[EventDate "2022.08.13"]
[EventRounds "9"]
[EventCountry "CZE"]

1. e4 {[%clk 1:30:55]} e6 {[%clk 1:30:55]} 2. d4 {[%clk 1:31:17]} d5
{[%clk 1:31:21]} 3. Nc3 {[%clk 1:31:30]} Nf6 {[%clk 1:30:24]} 4. Bg5
{[%clk 1:31:41]} Be7 {[%clk 1:30:43]} 5. e5 {[%clk 1:32:01]} Nfd7
{[%clk 1:31:10]} 6. Bxe7 {[%clk 1:32:17]} Qxe7 {[%clk 1:31:24]} 7. Qg4
{[%clk 1:32:26]} O-O {[%clk 1:30:52]} 8. Nf3 {[%clk 1:31:06]} c5 {[%clk 1:29:50]}
9. Bd3 {[%clk 1:28:57]} f5 {[%clk 1:27:46]} 10. exf6 {[%clk 1:29:13]} Qxf6
{[%clk 1:21:29]} 11. O-O {[%clk 1:18:16]} c4 {[%clk 1:13:11]} 12. Be2
{[%clk 1:17:40]} h6 {[%clk 1:12:35]} 13. Nb5 {[%clk 1:10:11]} Na6
{[%clk 1:12:34]} 14. b3 {[%clk 1:06:58]} cxb3 {[%clk 1:08:21]} 15. axb3
{[%clk 1:01:52]} e5 {[%clk 1:08:22]} 16. Qh5 {[%clk 1:00:29]} Qf5
{[%clk 1:04:53]} 17. Qxf5 {[%clk 0:55:31]} Rxf5 {[%clk 1:05:13]} 18. Nd6
{[%clk 0:55:27]} Rf6 {[%clk 1:02:54]} 19. dxe5 {[%clk 0:52:02]} Re6
{[%clk 0:58:46]} 20. Nd4 {[%clk 0:38:44]} Rxe5 {[%clk 0:56:03]} 21. f4
{[%clk 0:31:48]} Re7 {[%clk 0:54:52]} 22. Bg4 {[%clk 0:27:30]} Nb6
{[%clk 0:55:09]} 23. Nxc8 {[%clk 0:27:02]} Nxc8 {[%clk 0:55:27]} 24. Rfe1
{[%clk 0:25:58]} Nc7 {[%clk 0:52:28]} 25. Ne6 {[%clk 0:22:54]} Kh8
{[%clk 0:50:47]} 26. Nxc7 {[%clk 0:19:17]} Rxc7 {[%clk 0:50:55]} 27. Re8+
{[%clk 0:19:23]} Kh7 {[%clk 0:50:53]} 28. Rd1 {[%clk 0:18:42]} Nb6
{[%clk 0:48:59]} 29. Rxa8 {[%clk 0:18:58]} Nxa8 {[%clk 0:49:24]} 30. Rxd5
{[%clk 0:19:09]} Nb6 {[%clk 0:49:02]} 31. Rd6 {[%clk 0:19:11]} Rf7
{[%clk 0:46:59]} 32. g3 {[%clk 0:18:38]} Na8 {[%clk 0:46:37]} 33. c4
{[%clk 0:15:49]} Nc7 {[%clk 0:47:02]} 34. Bf3 {[%clk 0:14:54]} Re7
{[%clk 0:43:47]} 35. Bh5 {[%clk 0:13:43]} Ne8 {[%clk 0:40:49]} 36. Bg6+
{[%clk 0:13:23]} Kg8 {[%clk 0:41:09]} 37. Rd8 {[%clk 0:13:24]} Kf8
{[%clk 0:41:19]} 38. Kf2 {[%clk 0:13:24]} Re6 {[%clk 0:40:39]} 39. f5
{[%clk 0:13:31]} Re5 {[%clk 0:39:14]} 40. Kf3 {[%clk 0:13:44]} Re1
{[%clk 0:38:54]} 41. b4 {[%clk 0:11:26]} Re7 {[%clk 0:38:27]} 42. c5
{[%clk 0:10:42]} a6 {[%clk 0:38:36]} 43. Rb8 {[%clk 0:10:36]}  1-0

[Event "Olomouc Chess Summer 2022 - D"]
[Site "Olomouc (CZE), Hotel Flora"]
[Date "2022.08.17"]
[Round "6"]
[Board "1"]
[White "Sejkora, Vlastimil"]
[Black "Cap, Piotr"]
[Result "1/2-1/2"]
[WhiteElo "2151"]
[BlackElo "2025"]
[PlyCount "0"]
[EventDate "2022.08.13"]
[EventRounds "9"]
[EventCountry "CZE"]

1. c4 {[%clk 1:30:58]} d6 {[%clk 1:29:18]} 2. d4 {[%clk 1:31:11]} Nf6
{[%clk 1:29:11]} 3. Nc3 {[%clk 1:31:39]} c6 {[%clk 1:29:17]} 4. e4
{[%clk 1:31:51]} e5 {[%clk 1:29:28]} 5. d5 {[%clk 1:30:53]} Nbd7 {[%clk 1:28:59]}
6. Bd3 {[%clk 1:29:25]} a6 {[%clk 1:26:47]} 7. Be3 {[%clk 1:28:38]} Be7
{[%clk 1:26:22]} 8. h3 {[%clk 1:28:55]} cxd5 {[%clk 1:25:41]} 9. cxd5
{[%clk 1:28:01]} b5 {[%clk 1:25:38]} 10. Nf3 {[%clk 1:27:58]} O-O
{[%clk 1:25:53]} 11. O-O {[%clk 1:28:21]} Nh5 {[%clk 1:21:23]} 12. Qd2
{[%clk 1:22:08]} Nb6 {[%clk 1:18:32]} 13. b3 {[%clk 1:22:23]} f5 {[%clk 1:15:24]}
14. exf5 {[%clk 1:17:13]} Bxf5 {[%clk 1:15:10]} 15. Bxf5 {[%clk 1:09:46]} Rxf5
{[%clk 1:15:10]} 16. Ne4 {[%clk 1:10:06]} Nf4 {[%clk 1:12:34]} 17. Bxf4
{[%clk 0:43:52]} Rxf4 {[%clk 1:10:15]} 18. Qd3 {[%clk 0:44:04]} h6
{[%clk 1:02:30]} 19. g3 {[%clk 0:44:19]} Rf8 {[%clk 0:59:49]} 20. Kg2
{[%clk 0:44:37]} Qd7 {[%clk 0:59:01]} 21. Rac1 {[%clk 0:44:02]} Rac8
{[%clk 0:57:27]} 22. Rxc8 {[%clk 0:44:09]} Rxc8 {[%clk 0:57:07]} 23. Rd1
{[%clk 0:44:27]} Qf5 {[%clk 0:51:29]}  1/2-1/2